000 00946pam a2200301 a 4500
999 _c46346
_d46346
001 4207133
005 20190507104052.0
008 820108t19821935ilu 000 0ceng
010 _a 81022523
020 _a0802488498.
040 _aDLC
_cDLC
_dDLC
043 _aa-cc---
_an-us---
100 1 _aTaylor, Howard,
_cMrs.
245 1 0 _aJohn and Betty Stam :
_ba story of triumph /
_cby Mrs. Howard Taylor.
250 _aRev. ed.
260 _aChicago :
_bMoody Press,
_c1982, c1935.
300 _a141 p. ;
_c22 cm.
336 _atext
337 _aunmediated
338 _avolume
500 _aRev. ed. of: The triumph of John and Betty Stam. 1949.
500 _a"An Overseas Missionary Fellowship book."
600 1 0 _aStam, John Cornelius,
_d1907-1934.
600 1 0 _aStam, Elisabeth Alden Scott,
_d1906-1934.
650 0 _aMissionaries
_zChina
_xBiography.
650 0 _aMissionaries
_zUnited States
_xBiography.
942 _2lcc
_cBK